Turbomachines (Record no. 6341)

000 -LEADER
fixed length control field 00565nam a2200205 i 4500
001 - CONTROL NUMBER
control field 6341
003 - CONTROL NUMBER IDENTIFIER
control field BD-DhUET
008 - FIXED-LENGTH DATA ELEMENTS--GENERAL INFORMATION
fixed length control field 800825s1981 nyua b 001 0 eng
020 ## - INTERNATIONAL STANDARD BOOK NUMBER
International Standard Book Number 0471060364
040 ## - CATALOGING SOURCE
Original cataloging agency DLC
Transcribing agency DLC
Modifying agency BD-DhUET
082 ## - DEWEY DECIMAL CLASSIFICATION NUMBER
Classification number 621.165
Item number BAL/1981
100 1# - MAIN ENTRY--PERSONAL NAME
Personal name Balje, O. E.
245 10 - TITLE STATEMENT
Title Turbomachines
Remainder of title a guide to design selection and theory
Statement of responsibility, etc. by O. E. Balje
250 ## - EDITION STATEMENT
Edition statement 1st ed.
260 ## - PUBLICATION, DISTRIBUTION, ETC. (IMPRINT)
Place of publication, distribution, etc. New York
Name of publisher, distributor, etc. John Wiley and Sons
Date of publication, distribution, etc. 1981
300 ## - PHYSICAL DESCRIPTION
Extent x, 513 p.
Other physical details ill.
Dimensions 24 cm.
504 ## - BIBLIOGRAPHY, ETC. NOTE
Bibliography, etc Includes bibliographies
650 #0 - SUBJECT ADDED ENTRY--TOPICAL TERM
Topical term or geographic name as entry element Turbomachines
942 ## - ADDED ENTRY ELEMENTS (KOHA)
Koha item type General Book
Holdings
Koha item type Koha date last seen Shelving location Date acquired Not for loan Location (home branch) Copy number Koha normalized classification for sorting Piece designation (barcode) Koha full call number Lost status Damaged status Sublocation or collection (holding branch) Source of classification or shelving scheme Price effective from Withdrawn status
General Book2014-12-02Circulation section2014-12-02 Central Library, BUET1621_000000000000000_165BAL198161480621.165/BAL/1981  Central Library, BUET 2014-12-02 
General Book2015-04-26Circulation section2014-12-07 Central Library, BUET9621_165000000000000_BAL198161485621.165 /BAL/1981  Central Library, BUET 2014-12-07 
General Book2014-12-07Circulation section2014-12-07 Central Library, BUET6621_165000000000000_BAL198161482621.165 /BAL/1981  Central Library, BUET 2014-12-07 
General Book2014-12-07Circulation section2014-12-07 Central Library, BUET10621_165000000000000_BAL198161486621.165 /BAL/1981  Central Library, BUET 2014-12-07 
General Book2014-12-07Circulation section2014-12-07 Central Library, BUET3621_165000000000000_BAL198161479621.165 /BAL/1981  Central Library, BUET 2014-12-07 
General Book2014-12-07Circulation section2014-12-07 Central Library, BUET5621_165000000000000_BAL198161481621.165 /BAL/1981  Central Library, BUET 2014-12-07 
General Book2014-12-07Circulation section2014-12-07 Central Library, BUET8621_165000000000000_BAL198161484621.165 /BAL/1981  Central Library, BUET 2014-12-07 
General Book2014-12-07Circulation section2014-12-07 Central Library, BUET2621_165000000000000_BAL198161478621.165 /BAL/1981  Central Library, BUET 2014-12-07 
General Book2015-04-23Circulation section2015-04-23 Central Library, BUET11621_165000000000000_BAL_198161477621.165/BAL/1981  Central Library, BUET 2015-04-23